000 00257nam a2200109Ia 4500
008 190216s9999||||xx |||||||||||||| ||und||
100 _aSholokhov M S
245 0 _aOrumanushyande Vidi
260 _bCurrent Books
650 _aMalayalam Nadakam
942 _cBK
999 _c23801
_d23801